Statistics for indian borders

Click here to take the quiz!

General Stats

  • This quiz has been taken 7 times
  • The average score is 9 of 11

Answer Stats

HintAnswer% Correct
5bangladesh
100%
2china
100%
6myanmar
100%
3nepal
100%
1pakistan
100%
claimedAfghanistan
86%
4bhutan
86%
9maldives
71%
10sri lanka
71%
7thailand
71%
8indonesia
43%

Score Distribution

Percentile by Number Answered

Percent of People with Each Score

Your Score History

You have not taken this quiz